Т. 2; Справочник конструктора-машиностроителя

Bibliografische gegevens
Parent link:Справочник конструктора-машиностроителя: в 3 т./ В. И. Анурьев; под ред. И. Н. Жестковой. Т. 2.— 8-е изд., перераб. и доп..— , 2001.— 5-217-02962-5
Samenvatting:Во втором томе приведены современные справочные сведения по расчету и конструкциям осей, валов, подшипников скольжения и качения, муфт, зубчатых, червячных, винтовых, цепных, плоско- и клиноременных передач, храповых зацеплений и разъемных соединений. Восьмое издание (7-е изд. 1992 г.) переработано и дополнено в соответствии с новыми ГОСТами и нормативно-технической документацией. Дан новый раздел по расчету и конструированию шариковых винтовых передач. Предназначен для инженеров и техников-конструкторов.
Taal:Russisch
Gepubliceerd in: 2001
Onderwerpen:
Formaat: MixedMaterials Boek
KOHA link:https://koha.lib.tpu.ru/cgi-bin/koha/opac-detail.pl?biblionumber=77728

MARC

LEADER 00000nam2a2200000 4500
001 77728
005 20231031093307.0
010 |a 5217029641 
035 |a (RuTPU)RU\TPU\book\83330 
090 |a 77728 
100 |a 20050526d2001 km y0rusy50 ca 
101 0 |a rus 
102 |a RU 
105 |a a g 001zy 
200 0 |a Т. 2 
210 |d 2001 
215 |a 900 с.  |c ил. 
320 |a Библиография в конце глав. 
320 |a Перечень ГОСТов: с. 864-866. 
320 |a Предметный указатель: с. 867-875. 
330 |a Во втором томе приведены современные справочные сведения по расчету и конструкциям осей, валов, подшипников скольжения и качения, муфт, зубчатых, червячных, винтовых, цепных, плоско- и клиноременных передач, храповых зацеплений и разъемных соединений. Восьмое издание (7-е изд. 1992 г.) переработано и дополнено в соответствии с новыми ГОСТами и нормативно-технической документацией. Дан новый раздел по расчету и конструированию шариковых винтовых передач. Предназначен для инженеров и техников-конструкторов. 
451 1 |0 (RuTPU)RU\TPU\book\113182  |y 5-217-03344-4 (т. 2)  |t Т. 2  |d 2006  |d 1999  |p 960 с. 
451 1 |0 (RuTPU)RU\TPU\book\13164  |y 5-94275-274-5 (т. 2)  |t Т. 2  |p 880 с. 
451 |y 5-217-02964-1 
461 1 |0 (RuTPU)RU\TPU\book\83668  |y 5-217-02962-5  |t Справочник конструктора-машиностроителя  |o в 3 т.  |f В. И. Анурьев  |g под ред. И. Н. Жестковой  |v Т. 2  |e 8-е изд., перераб. и доп.  |d 2001 
610 1 |a машиностроение 
610 1 |a конструирование 
610 1 |a оси 
610 1 |a валы 
610 1 |a подшипники качения 
610 1 |a подшипники скольжения 
610 1 |a муфты 
610 1 |a зубчатые передачи 
610 1 |a червячные передачи 
610 1 |a цепные передачи 
610 1 |a ременные передачи 
610 1 |a винтовые передачи 
610 1 |a храповое зацепление 
610 1 |a шариковые винтовые передачи 
610 1 |a разъемные соединения 
610 1 |a справочники 
675 |a 621.001.66(035)  |v 3 
801 1 |a RU  |b 63413507  |c 20050526  |g PSBO 
801 2 |a RU  |b 63413507  |c 20211026  |g PSBO 
942 |c BK